ARRUPE JESUIT UNIVERSITY

CORONAVIRUS -STOP THE SPREAD - CLEAN,DISINFECT,COVER

The Warning of the renaissance 1550-1640 (Record no. 124813)

MARC details
000 -LEADER
fixed length control field 00670nam a22001937a 4500
008 - FIXED-LENGTH DATA ELEMENTS--GENERAL INFORMATION
fixed length control field 160802b xxu||||| |||| 00| 0 eng d
050 ## - LIBRARY OF CONGRESS CALL NUMBER
Classification number CB401.B59 2000
100 ## - MAIN ENTRY--PERSONAL NAME
Personal name Bouwsma, William J.
9 (RLIN) 24486
245 ## - TITLE STATEMENT
Title The Warning of the renaissance 1550-1640
Statement of responsibility, etc /William J. Bouwsma
260 ## - PUBLICATION, DISTRIBUTION, ETC. (IMPRINT)
Place of publication, distribution, etc New Haven
Name of publisher, distributor, etc Yale University Press
Date of publication, distribution, etc 2000
300 ## - PHYSICAL DESCRIPTION
Extent ix, 288p.;
Dimensions 24cm.
650 ## - SUBJECT ADDED ENTRY--TOPICAL TERM
Topical term or geographic name as entry element Renaissance
9 (RLIN) 2590
650 ## - SUBJECT ADDED ENTRY--TOPICAL TERM
Topical term or geographic name as entry element Science and civilisation
9 (RLIN) 24487
650 ## - SUBJECT ADDED ENTRY--TOPICAL TERM
Topical term or geographic name as entry element Astronomy
General subdivision Renaissance
9 (RLIN) 24488
650 ## - SUBJECT ADDED ENTRY--TOPICAL TERM
Topical term or geographic name as entry element Humanism
9 (RLIN) 24489
650 ## - SUBJECT ADDED ENTRY--TOPICAL TERM
Topical term or geographic name as entry element Europe
General subdivision Interllectual life
Chronological subdivision 16th century
9 (RLIN) 24490
650 ## - SUBJECT ADDED ENTRY--TOPICAL TERM
Topical term or geographic name as entry element Europe
General subdivision Interllectual life
Chronological subdivision 17th century
9 (RLIN) 24491
942 ## - ADDED ENTRY ELEMENTS (KOHA)
Source of classification or shelving scheme Library of Congress Classification
Item type Monograph ( Printed materials)
Holdings
Withdrawn status Lost status Source of classification or shelving scheme Damaged status Not for loan Collection code Home library Current library Shelving location Date acquired Total Checkouts Full call number Barcode Date last seen Price effective from Koha item type
    Library of Congress Classification     Main Collection ARRUPE LIBRARY ARRUPE LIBRARY Main Collection 02/08/2016   CB401.B59 2000 46500009306 10/10/2017 02/08/2016 Monograph ( Printed materials)

 

Arrupe Library. PO Box MP320 Mt Pleasant, Harare, Zimbabwe
263 242 745411|librarian@aju.ac.zw